| 000 | 00774nam a2200229 a 4500 | ||
|---|---|---|---|
| 001 | 55264 | ||
| 003 | BD-RjUL | ||
| 005 | 20211209080236.0 | ||
| 008 | 161115s1969 bg ||||| |||| 00| 0 ben d | ||
| 020 | _c : Tk.3.50 | ||
| 035 | _a(BD-RjUL)55386 | ||
| 040 |
_aBD-RjUL _bben _cBD-RjUL _dBD-RjUL |
||
| 041 | _aben | ||
| 082 |
_223 _a891.441 _bKAP 1969 |
||
| 100 | 1 |
_aকায়কোবাদ _9146437 |
|
| 245 | 1 | 0 |
_aপ্রেমের রাণী / _cকায়কোবাদ |
| 260 |
_aঢাকা : _bপাকিস্থান বুক করপোরেশন্, _c১৯৬৯ |
||
| 300 |
_a[২০], ২৪৭ পৃ ; _c২৪ সেমি. |
||
| 650 |
_aবাংলা কবিতা _9147728 |
||
| 650 |
_aBangali Poetry _9147729 |
||
| 942 |
_2ddc _cBK |
||
| 999 |
_c55264 _d55264 |
||